Top 20 Electricity Consuming Countries - Statistics

General Stats
  • This quiz has been taken 720 times
  • The average score is 18 of 20
Answer Stats
Electricity Consumption (billion kWh) Answer % Correct
3886 United States
100%
5322 China
99%
462.9 France
98%
323.3 United Kingdom
98%
582.5 Germany
97%
698.8 India
97%
1038 Russia
97%
455.8 Brazil
96%
249.7 Spain
96%
499.9 Canada
95%
307.2 Italy
95%
859.7 Japan
94%
212.3 Mexico
93%
213.5 Australia
92%
449.5 South Korea
87%
190.9 Saudi Arabia
77%
199.8 Iran
74%
234.2 South Africa
73%
175.3 Ukraine
63%
242.2 Taiwan
55%
No matching quizzes found
Score Distribution
Percent of People with Each Score
Percentile by Number Answered
Your Score History
You have not taken this quiz